000 00271nam a2200109Ia 4500
001 1275890
005 20260417160436.0
008 260417s9999 xx 000 0 und d
020 _a9786257303354
245 0 _aGölgem ve Ben
_cCansu Sabetrasekh
260 _bKetebe Çocuk
999 _c1275890
_d1275890